000 00341nam a22001217a 4500
999 _c543
_d543
005 20200815113243.0
008 200815b ||||| |||| 00| 0 eng d
020 _a0415005930
040 _cCML
245 _aPolitical Education.
_cBrownhill, R.
260 _aLondon
_bRoutledge
_c1989
942 _2ddc
_cBK
_e1st Edition
_h320
_mBRO